Responses for Show #1063 - Wednesday, March 29, 1989

The players were introduced already standing in position.

Contestants

[<< previous game]

Hugh McElaney, a U.S. Air Force contract negotiator from Upton, Massachusetts

Diane Taubold, a manager from Rochester, New York

Craig Campbell, an advertising executive from Victorville, California (whose 3-day cash winnings total $25,999)

[next game >>]

Jeopardy! Round responses

1988
FAMOUS QUOTES
SINGERS
AMERICAN AUTHORS
RUBBER
BALLS
    $100 16
Bush

Craig
    $100 19
truth

Diane
    $100 26
Dolly Parton

Hugh
    $100 10
(Edgar Allan) Poe

Hugh
    $100 6
tires

Craig
    $100 1
tennis

Diane
    $200 17
gray whales that were trapped

Hugh
    $200 20
rain

Hugh
    $200 27
Sonny Bono

Craig
    $200 11
(Alex: Right, and according to Mark Twain he didn't do better.)

James Fenimore Cooper

Diane
    $200 7
latex

Craig
    $200 2
meatball

Diane
    $300 18
Princess Beatrice of York

Triple Stumper
    $300 21
How to Win Friends and Influence People

Triple Stumper
    $300 28
Carly Simon

Craig
    $300 13
(Diane: Who is Richard I or the Lion-Hearted?)

(Winston) Churchill

DianeHugh
    $300 8
vulcanization

Craig
    $300 3
(Alex: 40 feet in circumference. How about that?)

string

Craig
    $400 24
Pennsylvania

Hugh
    $400 22
appalling

Hugh
    $400 29
Diana Ross

Triple Stumper
    $400 14
John Greenleaf Whittier

Triple Stumper
    $400 9
rubber stamp

Hugh
    $400 4
baseball

Diane
    $500 25
(Alex: We've got less than a minute to go.)

Jean Harris

Triple Stumper
    $300 23
Douglas MacArthur

Hugh
    $500 30
(Hugh: Uh, who is Chester?)

Festus

CraigHugh
    $500 15
Thoreau

Craig
    $500 12
Asia

Hugh
    $500 5
ballpoint pen

Triple Stumper

Scores at the first commercial break (after clue 14):

Craig Diane Hugh
$900 $600 $1,300

Scores at the end of the Jeopardy! Round:

Craig Diane Hugh
$2,500 $700 $2,400

Double Jeopardy! Round responses

SHAKESPEAREAN CHARACTERS
WORLD GEOGRAPHY
RELIGION
19th C. AMERICA
LANGUAGES
"R" YOU READY?
    $200 16
Banquo

Hugh
    $200 6
(1 of) Venezuela (or Colombia)

Diane
    $200 24
Anglican

Craig
    $200 1
escaped slaves

Diane
    $200 21
sign language

Diane
    $200 11
[Both Alex and the audience were amused and laughing during the reading of this clue.]

Reuben

Craig
    $400 17
Richard III

Hugh
    $400 7
International Date Line

Diane
    $400 25
Pat Robertson

Hugh
    $400 2
(Alex: Guess they didn't like the food.)
[Laughter.]

White House

Diane
    $400 22
(Craig: What is French?)

English

CraigHugh
    $400 12
R2-D2

Craig
    $600 18
Shylock

Diane
    $600 8
palisades

Diane
    $600 26
Shakers

Craig
    $600 3
telegraph

Craig
    $1,000 23
Spanish

Hugh
    $600 13
royal jelly

Diane
    $800 19
Troilus and Cressida

Hugh
    $800 9
Antarctica

Craig
    $800 27
Hindu

Hugh
    $800 4
(Hugh: Who are the Republicans?)
(Craig: Who are the Democrats?)

Whigs

CraigDianeHugh
    $800 29
Académie Française (French Academy)

Triple Stumper
    $800 14
rookery

Hugh
    $1000 20
(Diane: Who's Othello?)

Iago

Diane
Triple Stumper
    $1000 10
Lake Nicaragua

Diane
    $400 28
Fatima

Hugh
    $1000 5
(Craig: Who is Nelson?)

Stephen Decatur

CraigHugh
    $1000 30
(Craig: What is Patois?)

Creole

Craig
Triple Stumper
    $1000 15
rosette

Triple Stumper

Scores at the end of the Double Jeopardy! Round:

Craig Diane Hugh
$2,100 $4,700 $7,800

[wagering suggestions for these scores]

Final Jeopardy! Round responses

MOVIE STARS
CraigWho is Judy Holliday?
$0
DianeWho is Grace Kelly?
$4,700
HughWho is Grace Kelley?
$1,601
Grace Kelly

Final scores:

Craig Diane Hugh
$2,100 $9,400 $9,401
3rd place: Excel rower & exercise cycle 2nd place: vacation in Palm Springs & stay at Ingleside Inn + pair of Hatteras hammocks (deluxe & swing) New champion: $9,401

Game dynamics:

Coryat scores:

Craig Diane Hugh
$2,100 $4,700 $8,200
15 R,
4 W
15 R,
2 W
20 R
(including 3 DDs),
2 W

Combined Coryat: $15,000

[game clues] [game scores] [suggest correction]

Game tape date: 1988-12-06
The J! Archive is created by fans, for fans. Scraping, republication, monetization, and malicious use prohibited; this site may use cookies and collect identifying information. See terms. The Jeopardy! game show and all elements thereof, including but not limited to copyright and trademark thereto, are the property of Jeopardy Productions, Inc. and are protected under law. This website is not affiliated with, sponsored by, or operated by Jeopardy Productions, Inc. Join the discussion at JBoard.tv.